خامات من البحر / (Record no. 42900)
[ view plain ]
| 000 -الفاتح | |
|---|---|
| حقل البيانات ثابتة الطول | 00672nam a2200217Ia 4500 |
| 008 - عناصر البيانات ثابتة الطول - معلومات عامة | |
| حقل البيانات ثابتة الطول | 140319s9999 xx 000 0 ara d |
| 040 ## - مصدر الفهرسة | |
| وكالة الفهرسة الأصلية | GCL / |
| وكالة النسخ | GCL |
| 082 04 - رقم تصنيف ديوى العشرى | |
| رقم التصنيف | 551.4608 |
| رقم المادة | ا خ |
| 100 1# - المدخل الرئيسى - إسم شخصى | |
| الإسم الشخصى | ارمسترنج، ب . هـ |
| 245 10 - بيان العنوان | |
| العنوان | خامات من البحر / |
| بيان المسئوليه,etc | ارمسترنج، ب . هـ |
| 700 1# - المدخل الاضافى - اسم شخصى | |
| الإسم الشخصى | عبدالفتاح اسماعيل |
| 700 1# - المدخل الاضافى - اسم شخصى | |
| الإسم الشخصى | ميال, ماكنزى |
| 700 1# - المدخل الاضافى - اسم شخصى | |
| الإسم الشخصى | حسن خالد (مترجم) |
| 300 ## - الوصف المادى | |
| التعداد | 234 ص |
| 490 ## - بيان السلسلة | |
| عنوان السلسلة | الالف كتاب |
| رقم المجلد/ التعيين التسلسلي | 0 |
| 650 04 - المدخل الاضافى بالموضوع-مصطلح موضوعى | |
| مصطلح موضوعي | البحار والمحيطات |
| 650 04 - المدخل الاضافى بالموضوع-مصطلح موضوعى | |
| مصطلح موضوعي | الثروة المائية |
| 650 04 - المدخل الاضافى بالموضوع-مصطلح موضوعى | |
| مصطلح موضوعي | الاكتشافات تحت الماء |
| 942 ## - عناصر المدخل الإضافي( كوها) | |
| مصدر التصنيف او مخطط الترفيف | Dewey Decimal Classification |
| Koha [default] item type | كتاب |
| حالة التراجع | حالة الفقد | حالة تلف | ليس للاعارة | المكان المؤقت | الموقع الحالى | تاريخ الاكتساب | اجمالي اﻻعارات | رقم الطلب | الباركود | تاريخ اخر مشاهدة | تاريخ تفعيل السعر | نوع وعاء كوها |
|---|---|---|---|---|---|---|---|---|---|---|---|---|
| مكتبة القاهرة الكبرى | مكتبة القاهرة الكبرى | 03/26/2014 | 551.4608\ا خ | 103688 | 03/26/2014 | 03/26/2014 | كتاب |

